[Event "4NCL/Div2/PPA1 vs. 3CS2"]
[Site "Telford ENG"]
[Date "2004.01.18"]
[Round "4.7"]
[White "Waddington, Michael P"]
[Black "Hickman, Alexander"]
[Result "1/2-1/2"]
[WhiteElo "2156"]
[BlackElo "1936"]
[PlyCount "38"]
[EventDate "2004.01.18"]

1. Nc3 d5 2. e4 e6 3. Nf3 Nf6 4. e5 Nfd7 5. d4 c5 6. dxc5 Nc6 7. Bb5 Bxc5 8.
O-O O-O 9. Bf4 f6 10. exf6 Qxf6 11. Bg3 Nd4 12. Be2 Nf5 13. Bf4 Nh4 14. Bg3 Nf5
15. Bf4 Nh4 16. Bc7 Rf7 17. Na4 Bf8 18. Bg3 Nf5 19. Bf4 Nh4 1/2-1/2

[Event "4NCL/Div2/PPA1 vs. 3CS2"]
[Site "Telford ENG"]
[Date "2004.01.18"]
[Round "4.8"]
[White "Martin, Katie"]
[Black "Aarons, Poppy J"]
[Result "1-0"]
[WhiteElo "1987"]
[BlackElo "1884"]
[PlyCount "139"]
[EventDate "2004.01.18"]

1. e4 e6 2. d4 d5 3. Nd2 Be7 4. e5 c5 5. Qg4 g6 6. c3 Nh6 7. Qd1 Nf5 8. dxc5
Bxc5 9. Nb3 Bb6 10. Nf3 Nc6 11. Bd3 Nh4 12. Nbd4 Bxd4 13. cxd4 Nxf3+ 14. Qxf3
Nxd4 15. Qg3 Qc7 16. O-O Bd7 17. Bg5 Bb5 18. Bf6 Rg8 19. Bxb5+ Nxb5 20. Rac1
Qd7 21. Qe3 h5 22. Qh6 Nd4 23. Qh7 Kf8 24. Qh6+ Ke8 25. Qd2 Nf5 26. Rc2 Ne7 27.
Rfc1 Nc6 28. Qh6 Qc7 29. Bg7 Kd7 30. b4 Qb6 31. a3 Nd4 32. Rc7+ Qxc7 33. Rxc7+
Kxc7 34. Bf6 Rac8 35. Be7 Nf5 36. Qg5 Kd7 37. Bf6 Rc3 38. a4 Rgc8 39. h3 R3c4
40. Qd2 Rc1+ 41. Kh2 R8c2 42. Qd3 Rc4 43. Qd2 Rb1 44. g4 hxg4 45. hxg4 Nd4 46.
Qh6 Nf3+ 47. Kg3 Rc3 48. g5 Nxe5+ 49. Kg2 Ng4 50. Qf8 Nxf6 51. Qxf7+ Kd6 52.
gxf6 Rc7 53. Qf8+ Ke5 54. Qg7 Rxg7 55. fxg7 Rxb4 56. g8=Q Rxa4 57. Qb8+ Ke4 58.
Qxb7 Ke5 59. Qb1 a5 60. Qxg6 Re4 61. Qg5+ Kd4 62. Qd2+ Kc4 63. Qxa5 d4 64. Kf3
Rh4 65. Qa2+ Kc3 66. Qxe6 Rh7 67. Qc6+ Kd2 68. Qd5 d3 69. Qa2+ Kc1 70. Ke3 1-0

[Event "4NCL/Div2/MMNWE2 vs. WRO"]
[Site "Telford ENG"]
[Date "2004.01.18"]
[Round "4.1"]
[White "Hague, Ben"]
[Black "Gourlay, Iain"]
[Result "1/2-1/2"]
[WhiteElo "2227"]
[BlackElo "2294"]
[PlyCount "69"]
[EventDate "2004.01.18"]

1. e4 c5 2. d4 cxd4 3. c3 Nf6 4. e5 Nd5 5. Nf3 e6 6. Bc4 d6 7. cxd4 Nb6 8. Bd3
dxe5 9. dxe5 Na6 10. O-O Nc5 11. Bc2 Qxd1 12. Rxd1 Bd7 13. Nc3 Rc8 14. Bg5 h6
15. Bh4 Bc6 16. Nd4 Ncd7 17. Nxe6 g5 18. Nxf8 Kxf8 19. Bg3 Re8 20. Ne4 f5 21.
e6 fxe4 22. exd7 Nxd7 23. Rd6 Ne5 24. Re1 Nc4 25. Rd4 Nxb2 26. Bxe4 Nd3 27.
Rxd3 Bxe4 28. Rd7 Rh7 29. Rd6 Bc6 30. Rf6+ Kg7 31. Rfe6 Rxe6 32. Rxe6 Kf7 33.
Re5 Kf6 34. Re2 Re7 35. Rxe7 1/2-1/2

[Event "4NCL/Div2/MMNWE2 vs. WRO"]
[Site "Telford ENG"]
[Date "2004.01.18"]
[Round "4.2"]
[White "Gayson, Peter M"]
[Black "Hulmes, David I"]
[Result "1-0"]
[WhiteElo "2239"]
[BlackElo "2170"]
[PlyCount "79"]
[EventDate "2004.01.18"]

1. e4 e5 2. Nf3 Nc6 3. d4 exd4 4. Bc4 Nf6 5. O-O Nxe4 6. Re1 d5 7. Bxd5 Qxd5 8.
Nc3 Qa5 9. Nxe4 Be6 10. Bd2 Qf5 11. Bg5 h6 12. Bh4 Bc5 13. b4 Bxb4 14. Nxd4
Nxd4 15. Qxd4 Bxe1 16. Qxg7 Bxf2+ 17. Nxf2 Qh7 18. Qe5 O-O 19. Ne4 Qf5 20. Nf6+
Kh8 21. Qc3 b6 22. Nd7+ f6 23. Rf1 Qg6 24. Nxf8 Rxf8 25. Qxc7 Bd5 26. Rf2 Bxa2
27. Qxa7 Qe4 28. Bxf6+ Rxf6 29. Rxf6 Qd4+ 30. Rf2 Bc4 31. Qb8+ Kh7 32. Qc7+ Kh8
33. h3 b5 34. Qc8+ Kh7 35. Qf5+ Kg7 36. Kh2 Qd6+ 37. Qf4 Qe7 38. Qd4+ Kh7 39.
Rf4 Qc7 40. Qe4+ 1-0

[Event "4NCL/Div2/MMNWE2 vs. WRO"]
[Site "Telford ENG"]
[Date "2004.01.18"]
[Round "4.3"]
[White "Ghasi, Sumeet K"]
[Black "Adams, David M"]
[Result "1/2-1/2"]
[WhiteElo "2207"]
[BlackElo "2186"]
[PlyCount "57"]
[EventDate "2004.01.18"]

1. e4 e5 2. Nf3 Nf6 3. Nxe5 d6 4. Nf3 Nxe4 5. d4 d5 6. Bd3 Nc6 7. O-O Be7 8.
Re1 Bg4 9. c4 Nf6 10. cxd5 Qxd5 11. Nc3 Bxf3 12. Nxd5 Bxd1 13. Nxf6+ gxf6 14.
Rxd1 Nxd4 15. Be3 Ne6 16. Be4 c6 17. Rac1 Rc8 18. a4 Bd8 19. Rd3 Bb6 20. b4
Bxe3 21. Rxe3 Ke7 22. Rce1 Kd6 23. Bf5 Rce8 24. Rd1+ Kc7 25. Rde1 h6 26. g3 Kd6
27. Rd1+ Kc7 28. Rde1 Kd6 29. Rd1+ 1/2-1/2

[Event "4NCL/Div2/MMNWE2 vs. WRO"]
[Site "Telford ENG"]
[Date "2004.01.18"]
[Round "4.4"]
[White "Burnett, Jim"]
[Black "Hughes, Howard R"]
[Result "1/2-1/2"]
[WhiteElo "2205"]
[BlackElo "2212"]
[PlyCount "64"]
[EventDate "2004.01.18"]

1. d4 e6 2. Nf3 f5 3. g3 Nf6 4. Bg2 Be7 5. O-O O-O 6. c4 d6 7. Nc3 Qe8 8. Re1
Ne4 9. Qc2 Qg6 10. e3 Nxc3 11. Qxc3 Nd7 12. b4 Bf6 13. Bb2 e5 14. Qb3 f4 15.
c5+ Kh8 16. dxe5 Nxe5 17. exf4 Nxf3+ 18. Bxf3 Bxb2 19. Qxb2 Rxf4 20. Bg2 Bg4
21. f3 Rxf3 22. Bxf3 Bxf3 23. Re7 dxc5 24. bxc5 h5 25. Rf1 Bc6 26. Rff7 Rg8 27.
Qe5 Qg4 28. Rf5 Qd1+ 29. Rf1 Qg4 30. Rf4 Qd1+ 31. Rf1 Qg4 32. Rf5 Qd1+ 1/2-1/2

[Event "4NCL/Div2/MMNWE2 vs. WRO"]
[Site "Telford ENG"]
[Date "2004.01.18"]
[Round "4.5"]
[White "Spence, David"]
[Black "Hutchinson, Paul A"]
[Result "1-0"]
[WhiteElo "2154"]
[BlackElo "2176"]
[PlyCount "109"]
[EventDate "2004.01.18"]

1. d4 d5 2. Nf3 Nf6 3. e3 Bf5 4. c4 e6 5. Qb3 Qc8 6. Nc3 c6 7. Nh4 Bg6 8. Nxg6
hxg6 9. Be2 Nbd7 10. Bd2 Bd6 11. h3 Bc7 12. O-O-O Ba5 13. Kb1 Bxc3 14. Bxc3 a6
15. f3 b5 16. cxd5 cxd5 17. Ba5 Qb7 18. Rc1 Nb6 19. Qb4 Nfd7 20. b3 Qb8 21. Rc6
Ra7 22. Rhc1 Rb7 23. Ka1 g5 24. e4 Rh4 25. Bf1 Rf4 26. exd5 e5 27. Bxb6 Nxb6
28. d6 Rxd4 29. Qc5 Rd5 30. Qe3 f6 31. Qe4 Rd7 32. Rxb6 Qxb6 33. Qxd5 Rxd6 34.
Qg8+ Ke7 35. Qxg7+ Ke6 36. Qg8+ Ke7 37. Qh7+ Ke6 38. Qc2 Qd4+ 39. Kb1 Qd5 40.
Be2 f5 41. Qc8+ Kf6 42. Qf8+ Kg6 43. Rc7 Rd7 44. Qe8+ Rf7 45. Qxf7+ Qxf7 46.
Rxf7 Kxf7 47. g4 Ke6 48. Bd3 fxg4 49. hxg4 Kd5 50. Kc2 Kd4 51. Kd2 b4 52. Bxa6
e4 53. fxe4 Kxe4 54. Bc8 Kd4 55. Bf5 1-0

[Event "4NCL/Div2/MMNWE2 vs. WRO"]
[Site "Telford ENG"]
[Date "2004.01.18"]
[Round "4.6"]
[White "van Kemenade, Rudy"]
[Black "Savory, Richard J"]
[Result "1/2-1/2"]
[WhiteElo "2119"]
[BlackElo "2096"]
[PlyCount "158"]
[EventDate "2004.01.18"]

1. e4 c5 2. Nf3 d6 3. Bb5+ Nc6 4. O-O Bd7 5. Re1 Nf6 6. c3 g6 7. h3 Bg7 8. d4
O-O 9. Bf1 cxd4 10. cxd4 Rc8 11. Nc3 a6 12. Be3 Na5 13. Nd2 b5 14. a3 e6 15.
Rc1 d5 16. e5 Ne8 17. b3 Nc6 18. b4 f6 19. exf6 Qxf6 20. Nf3 Nc7 21. Qd2 Rce8
22. Ne5 Qd8 23. Bg5 Bf6 24. Bxf6 Rxf6 25. Ne2 Nxe5 26. dxe5 Rf7 27. Nd4 Na8 28.
Nb3 Ref8 29. f3 Nb6 30. Na5 Qb8 31. Nb3 Rf5 32. Qd4 Rf4 33. Qe3 Qd8 34. Nc5 Bc8
35. Red1 Nc4 36. Bxc4 bxc4 37. Rd4 Qh4 38. Rcd1 Qg3 39. Rxf4 Qxf4 40. Qd4 Rf5
41. Qxf4 Rxf4 42. Kf2 Rf5 43. g4 Rf7 44. h4 Kf8 45. Ke3 Ke8 46. Na4 Kd8 47. Nc3
Kc7 48. Ne2 Kb6 49. Nd4 Bd7 50. f4 Rf8 51. Rh1 Rg8 52. g5 Rc8 53. h5 c3 54.
hxg6 hxg6 55. Rc1 a5 56. Kd3 axb4 57. axb4 Rc4 58. Rxc3 Rxb4 59. Rb3 Rxb3+ 60.
Nxb3 Ba4 61. Nd4 Bd7 62. Kc3 Kc5 63. Nb3+ Kb5 64. Kd4 Bc8 65. Nc5 Kc6 66. Nd3
Bd7 67. f5 gxf5 68. Nf4 Kb7 69. Kc5 Kc7 70. g6 Be8 71. Nxe6+ Kd7 72. Nf4 Ke7
73. Kxd5 Ba4 74. e6 Kf6 75. Kd6 Be8 76. g7 Kxg7 77. Ke5 Ba4 78. Kxf5 Bb3 79.
Ke5 Bxe6 1/2-1/2

[Event "4NCL/Div2/MMNWE2 vs. WRO"]
[Site "Telford ENG"]
[Date "2004.01.18"]
[Round "4.7"]
[White "Hanley, James"]
[Black "Barrett, Steve J"]
[Result "0-1"]
[WhiteElo "2008"]
[BlackElo "2146"]
[PlyCount "79"]
[EventDate "2004.01.18"]

1. e4 c5 2. Nf3 e6 3. c3 d5 4. e5 d4 5. cxd4 cxd4 6. Qa4+ Nc6 7. Bb5 Bd7 8. O-O
a6 9. Bxc6 Bxc6 10. Qxd4 Bxf3 11. Qxd8+ Rxd8 12. gxf3 Ne7 13. Rd1 Ng6 14. Re1
Bc5 15. Re4 Rd4 16. Nc3 O-O 17. b4 Rxe4 18. Nxe4 Bd4 19. Rb1 Nxe5 20. Rb3 Rc8
21. Ba3 Rc2 22. f4 Nc4 23. Rd3 f5 24. Ng5 Bf6 25. b5 Bxg5 26. bxa6 bxa6 27.
fxg5 Rxd2 28. Rc3 Rxa2 29. Bc5 Ra4 30. Kg2 Kf7 31. f4 Ra2+ 32. Kh3 Ra4 33. Bd4
Ra3 34. Rxa3 Nxa3 35. Kg3 g6 36. Kf3 Ke8 37. Bc5 Nb5 38. Ke3 Kd7 39. Kd3 e5 40.
Ke3 0-1

[Event "4NCL/Div2/MMNWE2 vs. WRO"]
[Site "Telford ENG"]
[Date "2004.01.18"]
[Round "4.8"]
[White "van Kemenade, Julie"]
[Black "Milligan, Helen"]
[Result "0-1"]
[WhiteElo "1680"]
[BlackElo "2076"]
[PlyCount "70"]
[EventDate "2004.01.18"]

1. e4 c5 2. Bc4 e6 3. Nc3 Nc6 4. f4 d6 5. Nf3 g6 6. O-O Bg7 7. Qe1 Nge7 8. a3
O-O 9. d3 a6 10. Nh4 d5 11. Ba2 Nd4 12. Qf2 b6 13. f5 exf5 14. exd5 Bb7 15. Bg5
Qd7 16. d6 Qxd6 17. Rae1 Rae8 18. Re3 Nd5 19. Rh3 Nxc3 20. bxc3 Re2 21. Qg3
Qxg3 22. Rxg3 Nxc2 23. Rxf5 Bxc3 24. h3 Bd4+ 25. Kh2 Ne3 26. Bxe3 Rxa2 27. Bxd4
cxd4 28. Rf6 b5 29. Rb6 Bc8 30. Rd6 Rxa3 31. Rxd4 Be6 32. Re3 a5 33. Nf3 b4 34.
Ne5 b3 35. Re1 b2 0-1

[Event "4NCL/Div2/PYO vs. BAR3"]
[Site "Telford ENG"]
[Date "2004.01.18"]
[Round "4.1"]
[White "Rendle, Thomas E"]
[Black "Taylor, Peter"]
[Result "1-0"]
[WhiteElo "2273"]
[BlackElo "2289"]
[PlyCount "55"]
[EventDate "2004.01.18"]

1. e4 c6 2. d4 d5 3. e5 c5 4. dxc5 e6 5. Nf3 Bxc5 6. Bd3 Nc6 7. O-O f6 8. Bf4
g5 9. Be3 Bxe3 10. fxe3 f5 11. Nd4 Nxe5 12. Qh5+ Nf7 13. Qf3 Nf6 14. Nxe6 Bxe6
15. Bxf5 Ne5 16. Qg3 Qd6 17. Nc3 Nfd7 18. Nb5 Qb6 19. Bxe6 Qxb5 20. Qxg5 Qc5
21. Rad1 Qe7 22. Qh5+ Kd8 23. Bxd7 Nxd7 24. Qxd5 Ke8 25. Qh5+ Kd8 26. Rf7 Qxe3+
27. Kh1 Qe6 28. Qd5 1-0

[Event "4NCL/Div2/PYO vs. BAR3"]
[Site "Telford ENG"]
[Date "2004.01.18"]
[Round "4.2"]
[White "Pritchett, Craig W"]
[Black "Addison, Bret C"]
[Result "1-0"]
[WhiteElo "2296"]
[BlackElo "2251"]
[PlyCount "87"]
[EventDate "2004.01.18"]

1. e4 e5 2. Nf3 Nc6 3. Bb5 a6 4. Ba4 Nf6 5. O-O Be7 6. Re1 b5 7. Bb3 O-O 8. a4
b4 9. d3 d6 10. Nbd2 Rb8 11. a5 Be6 12. Bxe6 fxe6 13. Nc4 Nd7 14. c3 bxc3 15.
bxc3 Bf6 16. Qa4 Rb5 17. Be3 d5 18. Ncd2 Qa8 19. exd5 exd5 20. Qg4 Rf7 21. c4
Rxa5 22. cxd5 Rxd5 23. Ne4 Nd4 24. Bxd4 exd4 25. Qe6 Nf8 26. Nxf6+ gxf6 27.
Qg4+ Rg7 28. Qf4 Rd6 29. Ra5 Ng6 30. Qe4 Qxe4 31. Rxe4 Re7 32. Rxe7 Nxe7 33. g3
Kf7 34. Kg2 Ke6 35. Rh5 Nc6 36. Rxh7 Rd7 37. Rh8 Nb4 38. Ra8 c5 39. h4 Rd6 40.
h5 Kf7 41. h6 Kg6 42. Nh4+ Kh7 43. Ra7+ Kxh6 44. Nf5+ 1-0

[Event "4NCL/Div2/PYO vs. BAR3"]
[Site "Telford ENG"]
[Date "2004.01.18"]
[Round "4.3"]
[White "Dorrington, Christopher"]
[Black "Twyble, Michael S"]
[Result "1/2-1/2"]
[WhiteElo "2174"]
[BlackElo "2245"]
[PlyCount "24"]
[EventDate "2004.01.18"]

1. e4 e5 2. Nf3 Nc6 3. Bb5 a6 4. Ba4 Nf6 5. O-O Be7 6. Qe2 b5 7. Bb3 O-O 8. c3
d6 9. h3 Be6 10. d4 Bxb3 11. axb3 exd4 12. Nxd4 Qd7 1/2-1/2

[Event "4NCL/Div2/PYO vs. BAR3"]
[Site "Telford ENG"]
[Date "2004.01.18"]
[Round "4.4"]
[White "Mack, Andrew"]
[Black "Player, Edmund C"]
[Result "1/2-1/2"]
[WhiteElo "2262"]
[BlackElo "2166"]
[PlyCount "82"]
[EventDate "2004.01.18"]

1. e4 e6 2. d4 d5 3. Nc3 Bb4 4. e5 c5 5. a3 Bxc3+ 6. bxc3 Ne7 7. Qg4 Qc7 8. Bd3
cxd4 9. Ne2 Nbc6 10. cxd4 Ng6 11. O-O Qe7 12. f4 O-O 13. Qh5 f5 14. Kh1 Qf7 15.
Qf3 b6 16. Bd2 Bb7 17. Qf2 Nge7 18. Rab1 Nb8 19. Nc3 Ba6 20. Nb5 Bxb5 21. Rxb5
Nd7 22. Rfb1 a6 23. R5b2 b5 24. Bb4 Nb6 25. Rg1 Kh8 26. Rbb1 Rg8 27. g4 g6 28.
Rg3 fxg4 29. Bxe7 Qxe7 30. Rxg4 Ra7 31. Rbg1 Nc4 32. Rg5 Nb2 33. Be2 Qxa3 34.
f5 exf5 35. Qxf5 Rf8 36. Qg4 Qe3 37. e6 Rf4 38. Re5 Qxe5 39. dxe5 Rxg4 40. Bxg4
Nc4 41. Bf3 Ne3 1/2-1/2

[Event "4NCL/Div2/PYO vs. BAR3"]
[Site "Telford ENG"]
[Date "2004.01.18"]
[Round "4.5"]
[White "Deva, Chetan"]
[Black "Rich, Mark"]
[Result "1-0"]
[WhiteElo "2155"]
[BlackElo "2198"]
[PlyCount "29"]
[EventDate "2004.01.18"]

1. d4 f5 2. Bg5 h6 3. Bh4 g5 4. e4 Bg7 5. Bg3 f4 6. Bxf4 gxf4 7. Qh5+ Kf8 8.
Qf5+ Ke8 9. Be2 Nf6 10. e5 e6 11. Qxf4 Rf8 12. Nc3 d5 13. Qg3 Qe7 14. exf6 Qxf6
15. Nf3 1-0

[Event "4NCL/Div2/PYO vs. BAR3"]
[Site "Telford ENG"]
[Date "2004.01.18"]
[Round "4.6"]
[White "Roberts, Paul"]
[Black "Bennet, William D"]
[Result "1-0"]
[WhiteElo "2242"]
[BlackElo "2077"]
[PlyCount "79"]
[EventDate "2004.01.18"]

1. e4 c5 2. Nc3 Nc6 3. f4 g6 4. Nf3 Bg7 5. Bb5 Nd4 6. O-O Nxb5 7. Nxb5 d5 8.
exd5 a6 9. Nc3 Nf6 10. d4 Nxd5 11. dxc5 Nxc3 12. Qxd8+ Kxd8 13. bxc3 Bxc3 14.
Rb1 Kc7 15. Bb2 Bxb2 16. Rxb2 Bg4 17. Ne5 Be6 18. Rfb1 Rab8 19. a4 Rhd8 20. Rb6
Ba2 21. R1b2 Rd1+ 22. Kf2 Bd5 23. c4 f6 24. Nxg6 hxg6 25. cxd5 Rxd5 26. c6 Rd2+
27. Rxd2 Kxb6 28. cxb7 Rxb7 29. Rb2+ Kc6 30. Rxb7 Kxb7 31. h4 Kc6 32. f5 Kd7
33. fxg6 Ke8 34. h5 f5 35. Ke3 e5 36. h6 Kf8 37. Kd3 Kg8 38. Kc4 Kf8 39. Kd5 e4
40. Kd4 1-0

[Event "4NCL/Div2/PYO vs. BAR3"]
[Site "Telford ENG"]
[Date "2004.01.18"]
[Round "4.7"]
[White "Eckersley Waites, Adam"]
[Black "Williamson, Paul L"]
[Result "0-1"]
[WhiteElo "2003"]
[BlackElo "2134"]
[PlyCount "100"]
[EventDate "2004.01.18"]

1. e4 c6 2. d4 d5 3. exd5 cxd5 4. c4 Nf6 5. Nc3 Nc6 6. Bg5 Be6 7. Nge2 h6 8.
Bxf6 exf6 9. c5 g5 10. a3 Bg7 11. Nb5 O-O 12. b4 a5 13. Rb1 axb4 14. axb4 f5
15. g3 f4 16. Bg2 Bg4 17. f3 Bf5 18. Rb2 fxg3 19. hxg3 Qe7 20. Kf2 Rfe8 21. Qd2
Qf6 22. Rd1 Re7 23. Nec3 Be6 24. f4 gxf4 25. Qxf4 Qxf4+ 26. gxf4 Rd7 27. f5
Bxf5 28. Bxd5 Be6 29. Bxc6 bxc6 30. Nd6 Ra3 31. Nce4 Bd5 32. Re2 Rb3 33. Nf5
Be6 34. Ned6 Kh7 35. Nxg7 Kxg7 36. b5 cxb5 37. d5 Bg4 38. Ne8+ Kf8 39. c6 Rd8
40. Nf6 Bxe2 41. Kxe2 Rc3 42. Rb1 Ke7 43. Nd7 Rg8 44. Rxb5 Rg2+ 45. Kf1 Rd2 46.
Rb1 Rxd5 47. Nb8 Rc2 48. Kg1 Kd6 49. Kf1 Rdd2 50. Kg1 Rb2 0-1

[Event "4NCL/Div2/PYO vs. BAR3"]
[Site "Telford ENG"]
[Date "2004.01.18"]
[Round "4.8"]
[White "Bhatia, Kanwal K"]
[Black "Miller, Naomi K"]
[Result "1-0"]
[WhiteElo "2065"]
[BlackElo "1680"]
[PlyCount "33"]
[EventDate "2004.01.18"]

1. e4 c5 2. c3 d5 3. exd5 Qxd5 4. d4 g6 5. Nf3 Bg7 6. Be3 cxd4 7. cxd4 Qa5+ 8.
Nc3 Nh6 9. Bc4 Nf5 10. O-O Nd6 11. Bb3 O-O 12. Qd2 Rd8 13. Bh6 Bxh6 14. Qxh6
Nf5 15. Bxf7+ Kxf7 16. Qxh7+ Ke8 17. Ne5 1-0

[Event "4NCL/Div2/SWD1 vs. GUI2"]
[Site "Telford ENG"]
[Date "2004.01.18"]
[Round "4.1"]
[White "Cooper, John G"]
[Black "Povah, Nigel E"]
[Result "1-0"]
[WhiteElo "2310"]
[BlackElo "2369"]
[PlyCount "71"]
[EventDate "2004.01.18"]

1. d4 Nf6 2. c4 e6 3. Nc3 c5 4. d5 exd5 5. cxd5 d6 6. e4 g6 7. h3 Bg7 8. Nf3
O-O 9. Bd3 Nbd7 10. Bg5 a6 11. a4 h6 12. Be3 Rb8 13. Qd2 Kh7 14. a5 Re8 15. O-O
b5 16. axb6 Rxb6 17. Ra4 Rb4 18. Qc2 a5 19. Rfa1 Nb6 20. Rxa5 c4 21. Bf1 Nxe4
22. Nxe4 Rxb2 23. Qc1 Rxe4 24. Bxh6 Bxh6 25. Qxb2 Bg7 26. Qc1 Bxa1 27. Ng5+ Kg8
28. Nxe4 Be5 29. Ra7 Qh4 30. Ng5 Bf4 31. Qe1 Bd7 32. Rxd7 Nxd7 33. Qe8+ Kg7 34.
Qxf7+ Kh6 35. Ne6 Nf6 36. g3 1-0

[Event "4NCL/Div2/SWD1 vs. GUI2"]
[Site "Telford ENG"]
[Date "2004.01.18"]
[Round "4.2"]
[White "Thompson, Ian D"]
[Black "Dineley, Richard D P"]
[Result "0-1"]
[WhiteElo "2281"]
[BlackElo "2269"]
[PlyCount "78"]
[EventDate "2004.01.18"]

1. c4 b6 2. Nc3 Bb7 3. e4 e6 4. Nge2 Nf6 5. Ng3 c5 6. Be2 d6 7. d3 Be7 8. O-O
O-O 9. f4 Nc6 10. Re1 a6 11. Bf1 Re8 12. Nge2 Bf8 13. h3 g6 14. g4 Bg7 15. Bg2
Qc7 16. Ng3 Nd4 17. Nce2 Nd7 18. Be3 Nxe2+ 19. Qxe2 Rad8 20. Rad1 Nb8 21. Qf2
Nc6 22. f5 Nd4 23. f6 Bf8 24. Ne2 Nxe2+ 25. Rxe2 d5 26. cxd5 exd5 27. Bf4 Qd7
28. e5 Bc8 29. Qh4 Qa4 30. Rf1 Kh8 31. Bh6 Qd4+ 32. Kh1 Qxd3 33. Rd2 Qc4 34.
Bg7+ Bxg7 35. fxg7+ Kg8 36. b3 Qb5 37. Rxf7 Kxf7 38. Rxd5 Bb7 39. Bf1 Qxf1+
$138 0-1

[Event "4NCL/Div2/SWD1 vs. GUI2"]
[Site "Telford ENG"]
[Date "2004.01.18"]
[Round "4.3"]
[White "James, David J"]
[Black "Anderton, Matthew N"]
[Result "1/2-1/2"]
[WhiteElo "2258"]
[BlackElo "2242"]
[PlyCount "75"]
[EventDate "2004.01.18"]

1. Nf3 Nf6 2. c4 e6 3. Nc3 c5 4. e4 Nc6 5. d3 d5 6. e5 d4 7. exf6 dxc3 8. bxc3
Qxf6 9. d4 cxd4 10. Bg5 Qf5 11. cxd4 Bb4+ 12. Bd2 O-O 13. Be2 Bxd2+ 14. Qxd2
Rd8 15. Rd1 Qf6 16. Qe3 b6 17. O-O Bb7 18. Rd2 Rac8 19. Rfd1 Ne7 20. Qa3 Bxf3
21. Bxf3 Rxc4 22. Qxa7 Nd5 23. h3 {(=)} 23... g6 24. Bxd5 exd5 25. Rd3 Rdc8 26.
Rf3 Qe6 27. Re3 Qd6 28. Qe7 Qxe7 29. Rxe7 Ra8 30. Rb7 Rxa2 31. Rxb6 Raa4 32.
Rd6 Ra5 33. Rf6 Kf8 34. Rd3 Kg7 35. Rd6 Rc2 36. Rd7 Rc6 37. Re3 Rf6 38. f3
1/2-1/2

[Event "4NCL/Div2/SWD1 vs. GUI2"]
[Site "Telford ENG"]
[Date "2004.01.18"]
[Round "4.4"]
[White "Richardson, Keith B"]
[Black "Zeidler, Sven P"]
[Result "1-0"]
[WhiteElo "2219"]
[BlackElo "2233"]
[PlyCount "157"]
[EventDate "2004.01.18"]

1. c4 f5 2. Nc3 Nf6 3. g3 g6 4. Bg2 Bg7 5. Nf3 d6 6. d4 O-O 7. O-O c6 8. d5 e5
9. e4 cxd5 10. cxd5 h6 11. Nd2 f4 12. Nc4 g5 13. b3 Ne8 14. a4 Nd7 15. Ra2 a6
16. a5 b5 17. axb6 Nxb6 18. Na5 Qf6 19. Re1 f3 20. Bf1 Qg6 21. Be3 Nd7 22. Nc6
Rf7 23. Nd8 Rf6 24. b4 Nc7 25. b5 axb5 26. Rxa8 Nxa8 27. Nxb5 Nab6 28. Qc2 Ba6
29. Bxb6 Nxb6 30. Qc6 Bxb5 31. Bxb5 Rf4 32. Qxb6 Rxe4 33. Rc1 Rb4 34. Qc6 e4
35. Ne6 e3 36. fxe3 f2+ 37. Kxf2 Rb2+ 38. Be2 Qh5 39. Rc2 Qxh2+ 40. Ke1 Rb1+
41. Kd2 Qf2 42. Nxg7 Qe1+ 43. Kd3 Rb3+ 44. Rc3 Qb1+ 45. Kd2 Qa2+ 46. Rc2 Qa5+
47. Kd1 Rb1+ 48. Rc1 Rxc1+ 49. Qxc1 Qxd5+ 50. Qd2 Qh1+ 51. Kc2 Kxg7 52. Qxd6
Qe4+ 53. Qd3 Qa4+ 54. Kd2 Qa2+ 55. Ke1 Qa1+ 56. Kf2 Qf6+ 57. Kg2 Qc6+ 58. Bf3
Qc1 59. Qd4+ Kf7 60. Bd5+ Ke7 61. e4 h5 62. Qg7+ Kd6 63. Qd4 h4 64. e5+ Ke7 65.
Be4 Qa3 66. Qd6+ Qxd6 67. exd6+ Kxd6 68. g4 Ke5 69. Kf3 Kd4 70. Bf5 Kc3 71. Ke3
Kb2 72. Be4 Kc1 73. Kd4 Kd2 74. Ke5 Ke3 75. Kf5 h3 76. Bc6 h2 77. Kxg5 Kd4 78.
Kf6 Kc5 79. Bf3 1-0

[Event "4NCL/Div2/SWD1 vs. GUI2"]
[Site "Telford ENG"]
[Date "2004.01.18"]
[Round "4.5"]
[White "Blackburn, Jonathan L B"]
[Black "Granat, Russell G"]
[Result "0-1"]
[WhiteElo "2165"]
[BlackElo "2252"]
[PlyCount "66"]
[EventDate "2004.01.18"]

1. d4 d5 2. c4 Bf5 3. Nc3 e6 4. Nf3 Nc6 5. a3 Nf6 6. Bg5 Be7 7. e3 O-O 8. b4
Ne4 9. Bxe7 Qxe7 10. Qb3 a5 11. b5 a4 12. Qb2 Na5 13. Nxe4 dxe4 14. Nd2 c5 15.
g4 Bxg4 16. Rg1 Bf5 17. dxc5 f6 18. Qb4 Rfd8 19. Be2 Qc7 20. Rd1 h5 21. Nf1 Nb3
22. c6 bxc6 23. b6 Rxd1+ 24. Bxd1 Qe5 25. Bxb3 axb3 26. b7 Rb8 27. Qe7 Bg4 28.
Rxg4 hxg4 29. Nd2 b2 30. Qd7 Kh7 31. Ke2 Qc3 32. Qc8 Qd3+ 33. Ke1 b1=Q+ 0-1

[Event "4NCL/Div2/SWD1 vs. GUI2"]
[Site "Telford ENG"]
[Date "2004.01.18"]
[Round "4.6"]
[White "Jackson, Adrian"]
[Black "Spice, Alan"]
[Result "1-0"]
[WhiteElo "2217"]
[BlackElo "2161"]
[PlyCount "121"]
[EventDate "2004.01.18"]

1. e4 e6 2. d4 d5 3. Nc3 Nf6 4. e5 Nfd7 5. Nce2 b6 6. f4 Ba6 7. Nf3 Be7 8. g3
c5 9. c3 Nc6 10. a3 Bxe2 11. Bxe2 c4 12. O-O Na5 13. Be3 Nb3 14. Rb1 b5 15. Nd2
Nxd2 16. Qxd2 g6 17. g4 f5 18. exf6 Nxf6 19. Bf3 Qd7 20. g5 Ne4 21. Bxe4 dxe4
22. Qg2 Qd5 23. Rbe1 O-O 24. Bc1 Bd6 25. Qxe4 Rae8 26. Re2 Qxe4 27. Rxe4 Rf5
28. Kg2 Kf7 29. Rfe1 a5 30. h4 h5 31. gxh6 Rh5 32. a4 bxa4 33. d5 Rxd5 34. Rxc4
a3 35. bxa3 Rh5 36. Rc6 Bf8 37. Re5 Rxh4 38. Rxa5 Bxh6 39. Ra7+ Re7 40. Rxe7+
Kxe7 41. Kg3 Rh1 42. Be3 e5 43. Bc5+ Kd7 44. Rd6+ Kc7 45. fxe5 Bf8 46. Bb6+ Kb7
47. Rxg6 Bxa3 48. Bd4 Kc7 49. Kf4 Re1 50. Ra6 Bf8 51. Kf5 Kd7 52. Ra7+ Kc6 53.
Ke6 Bh6 54. Ra6+ Kb7 55. Rb6+ Kc7 56. Kd5 Rh1 57. Ra6 Bf8 58. Ra7+ Kb8 59. Rf7
Ba3 60. e6 Kc8 61. Ra7 1-0

[Event "4NCL/Div2/SWD1 vs. GUI2"]
[Site "Telford ENG"]
[Date "2004.01.18"]
[Round "4.7"]
[White "Smith, Jeff R"]
[Black "Norman, Kenneth I"]
[Result "1-0"]
[WhiteElo "2200"]
[BlackElo "2155"]
[PlyCount "31"]
[EventDate "2004.01.18"]

1. e4 e5 2. Nc3 Nf6 3. f4 d5 4. fxe5 Nxe4 5. Nf3 Be7 6. d4 O-O 7. Bd3 f5 8.
exf6 Bxf6 9. O-O Nc6 10. Ne2 Nb4 11. Bb5 c6 12. Ba4 Bg4 13. c3 Na6 14. Nf4 Nc7
15. Bc2 Ng5 16. Nxg5 1-0

[Event "4NCL/Div2/SWD1 vs. GUI2"]
[Site "Telford ENG"]
[Date "2004.01.18"]
[Round "4.8"]
[White "Lang, Heather"]
[Black "Wilson, Julie"]
[Result "1/2-1/2"]
[WhiteElo "2070"]
[BlackElo "1720"]
[PlyCount "72"]
[EventDate "2004.01.18"]

1. e4 e6 2. Nc3 d5 3. d4 Nf6 4. Bg5 dxe4 5. Nxe4 Be7 6. Bxf6 Bxf6 7. Nf3 O-O 8.
Nxf6+ Qxf6 9. Bd3 Nc6 10. Qd2 h6 11. O-O-O e5 12. d5 Ne7 13. Rhe1 Nxd5 14. Be4
Nb6 15. Nxe5 c6 16. f4 Be6 17. g4 Rad8 18. Qe3 Nd5 19. Bxd5 Bxd5 20. g5 hxg5
21. fxg5 Qe6 22. Qg3 Rfe8 23. b3 Qc8 24. h4 Qc7 25. Qc3 b5 26. Nd3 Bf3 27.
Rxe8+ Rxe8 28. Rg1 Qh2 29. Qc5 Re2 30. Rf1 Qg2 31. Rg1 Rxc2+ 32. Qxc2 Qxg1+ 33.
Kb2 Qd4+ 34. Qc3 Qxc3+ 35. Kxc3 f6 36. Nb4 Kf7 1/2-1/2

[Event "4NCL/Div2/KHE vs. BRI1"]
[Site "Telford ENG"]
[Date "2004.01.18"]
[Round "4.1"]
[White "Pigott, John C"]
[Black "Cobb, Charles"]
[Result "1/2-1/2"]
[WhiteElo "2388"]
[BlackElo "2406"]
[PlyCount "31"]
[EventDate "2004.01.18"]

1. d4 e6 2. c4 Nf6 3. Nc3 d5 4. Bg5 Nbd7 5. cxd5 exd5 6. e3 c6 7. Bd3 Be7 8.
Nf3 Ne4 9. Bxe7 Qxe7 10. O-O Ndf6 11. Qc2 Bf5 12. Ne5 Bg6 13. Nxe4 dxe4 14. Be2
O-O 15. Rfc1 Nd7 16. Nxd7 1/2-1/2